000 00829nam a2200277Ia 4500
003 OSt
005 20220928124316.0
006 a|||||r|||| 00| 0
007 ta
008 220927b |||||||| |||| 00| 0 eng d
020 _c6184.3500000000004
024 _a110731
037 _b1484, 28/01/2011, Aditya Books Pvt.Ltd
_cTextual
040 _aSDCL
_cSDCL
_beng
041 _2eng
_aeng
082 _aG9M, Q3
100 _aClark David P.
245 0 _aMolecular biology
_b Academic cell update.
250 _a2nd
260 _aAmsterdam
_bAP Cell Press
_c2013
300 _axv,907p.
_ccm.
650 _aPlant Molecular Biology
700 _a Pazdernik Nanette J.
942 _hG9M, Q3
_cTEXL
_2CC
999 _c777189
_d777189